01340nam a22001937a 4500008004400000020001500044082001700059100002100076245009300097250001800190260004900208300004500257505072100302653002501023653002101048653002401069653002201093710003101115171028s2004 fr||||| |||| 00| 0 fra d a274670621004a709.6bS954a1 aSultan, Olivier.14aLes afriques :b36 artistes contemporains /cOlivier Sultan ; Musée des Arts derniers. a1a edición. a1a edición :bÉditions Autrement,c2004. a160 páginas :bilustraciones en color.0 tAvant-proposrOlivier Sultan.tPréface: L'histoire de l'art contemporain africainrSimon Njami.tArtistas: Fanizani Akuda, Luis Basto, Jean-Michel Basquiat, Philippe Berry, Mickaël Bethe-Sélassié, Berry Bickle, Joe Big-Big, Frédéric Bruly Bouabré, Christophe, Soly Cissé, Bruce Clarke, Robert Combas, Charly D'Almeida, Depara, Richard Di Rosa, Calvin Dondo, Ernest Dükü, Samuel Fosso, Meek Gichugu, Seydou Keita, Bodys Isek Kingelez, Kisito, Collen Madamonbe, Moke, Orlan, Chéri Samba, Malick Sidibé, Ousmane Sow, Sultan, Tchif, Pape Teigne Diouf, Zephania Tshuma, Twins Seven Seven, Martial Verdier, Duncan Wylie y Gavin Younge.tExpositions majeures d'art africain contemporain depuis 1989.10aArte contemporáneo10aArte - África 10aArte internacional 10aArtistas visuales1 aMusée des Arts derniers.